| 000 | 00974na a2200325 4500 | ||
|---|---|---|---|
| 999 |
_c13074 _d13074 |
||
| 001 | 12627 | ||
| 003 | MIRAKIL | ||
| 005 | 20190327111807.0 | ||
| 008 | 160824b tu 000 0 | ||
| 020 | _a9786053991786 | ||
| 035 | _a12627 | ||
| 040 |
_aMilas _btur _cTR-AnCHP |
||
| 082 |
_a111.85 _bK84h 2011 |
||
| 090 | _a111.85 K84h 2011 | ||
| 100 | _aKula, Onur Bilge | ||
| 245 |
_aHegel estetiği ve edebiyat kuramı _cOnur Bilge Kula ; yayına hazırlayan Göksun Yazıcı |
||
| 246 | _aEdebiyat kuramı | ||
| 260 |
_aİstanbul _bİstanbul Bilgi Üniversitesi Yayınları _c2011 |
||
| 300 |
_a3 c. _c23 sm. |
||
| 490 |
_aFelsefe dizisi _v11 |
||
| 490 |
_aİstanbul Bilgi Üniversitesi yayınları _v328 |
||
| 504 | _aDizin vardır. | ||
| 600 |
_aHegel, Georg Wilhelm Friedrich _d1770-1831 _xEstetik |
||
| 650 |
_aEdebiyat _xFelsefe |
||
| 650 | _aAlman filozoflar | ||
| 700 | _aYazıcı, Göksun | ||
| 942 |
_2ddc _cBKS |
||
| 999 | _d13074 | ||
| 999 | _d9592 | ||